| 000 | 00352nam a2200145Ia 4500 | ||
|---|---|---|---|
| 008 | 210210b2004 xxu||||| |||| 00| 0 eng d | ||
| 020 | _a81 7881 840 X | ||
| 082 | _a330 ICFE | ||
| 100 | _aICFAI UNIVERSITY. | ||
| 245 | _aEconomics: BBA | ||
| 260 |
_aHyderabad _bThe ICFAI University _c2004 |
||
| 300 | _a280 | ||
| 690 | _aEconomics | ||
| 906 | _a061671 | ||
| 999 |
_c108481 _d108481 |
||